000 00560nam a2200217Ia 4500
005 20250325070719.0
008 240331s9999 xx 000 0 und d
020 _a0803980701
082 _a302.23
_bMCQ
_21095
100 _aMcQuail, D
245 0 _aMass Communication Theory :
_bAn Introduction
250 _a2nd Edition
260 _aLondon;
_aNew Delhi;
_aCalifornia,
_bSAGE Publications
_c1987
300 _axvi, 352 p.,
650 _aCommunications
650 _aMedia
650 _aBroadcast
650 _aMarxism
650 _aSociety
942 _cL
999 _c1123
_d1123